Вопросы биологической, медицинской и фармацевтической химии. 2021, прил.: II Научная конференция молодых ученых с международным участием "Актуальные исследования в фармакологии", ФГБНУ "НИИ фармакологии им. В.В. Закусова, 28-29 октября 2021 г. (Запись № 12877378)
[ простой вид ]
| 000 -МАРКЕР | |
|---|---|
| контрольное поле | 01904nam2a2200241 4500 |
| 001 - ИДЕНТИФИКАТОР ЗАПИСИ | |
| контрольное поле | RU\NLR\PER_A\002638480_003030 |
| 005 - ИДЕНТИФИКАТОР ВЕРСИИ | |
| контрольное поле | 20250624122501.0 |
| 035 ## - ДРУГИЕ СИСТЕМНЫЕ НОМЕРА | |
| Идентификатор записи | (NLR Aleph) 012700680 |
| 100 ## - ДАННЫЕ ОБЩЕЙ ОБРАБОТКИ | |
| Данные общей обработки | 20220203d2021 |||y0rusy50 ca |
| 101 0# - ЯЗЫК РЕСУРСА | |
| Язык текста, звукозаписи и т.д. | русский |
| 102 ## - СТРАНА ПУБЛИКАЦИИ ИЛИ ПРОИЗВОДСТВА | |
| Страна публикации | Российская Федерация |
| 200 1# - ЗАГЛАВИЕ И СВЕДЕНИЯ ОБ ОТВЕТСТВЕННОСТИ | |
| Основное заглавие | II Научная конференция молодых ученых с международным участием "Актуальные исследования в фармакологии", ФГБНУ "НИИ фармакологии им. В.В. Закусова, 28-29 октября 2021 г. |
| Сведения, относящиеся к заглавию | материалы конференции |
| 210 ## - ПУБЛИКАЦИЯ, РАСПРОСТРАНЕНИЕ И ДР. | |
| Дата издания, распространения и т.д. | 2021 |
| Место издания, распространения и т.д. | Б. м. |
| 461 #0 - УРОВЕНЬ НАБОРА | |
| Встроенное поле | 001RU\NLR\INFOCOMM10\1000127641 |
| -- | 2001#$aВопросы биологической, медицинской и фармацевтической химии$dProblems of biological, medical and pharmaceutical chemistry$eКв. науч.-практ. журн.$fИзд-во "Медицина" Ком. Рос. Федерации по печати$zeng$v2021, прил. |
| Системный номер (АБИС) связанной записи | 3765085 |
| Место публикации | М. |
| Дата публикации | 1998- |
| Первые сведения об ответственности | Изд-во "Медицина" Ком. Рос. Федерации по печати |
| Параллельное заглавие | Problems of biological, medical and pharmaceutical chemistry |
| Имя издателя, распространителя и т.д. | Медицина |
| Сведения, относящиеся к заглавию | Кв. науч.-практ. журн. |
| Заглавие | Вопросы биологической, медицинской и фармацевтической химии |
| ISSN | 1560-9596 |
| Номер тома | 2021, прил. |
| 606 1# - НАИМЕНОВАНИЕ ТЕМЫ КАК ПРЕДМЕТ | |
| Наименование темы | Фармакология |
| Формальный подзаголовок | Тезисы докладов |
| Системный номер авторитетной/нормативной записи | 935345 |
| Идентификатор авторитетной/нормативной записи | RU\NLR\AUTH\6626577 |
| 686 1# - ИНДЕКСЫ ДРУГИХ КЛАССИФИКАЦИЙ | |
| Индекс | Р281я431(2) |
| 710 12 - НАИМЕНОВАНИЕ ОРГАНИЗАЦИИ - ПЕРВИЧНАЯ ОТВЕТСТВЕННОСТЬ | |
| Начальный элемент ввода | "Актуальные исследования в фармакологии", научная конференция молодых ученых с международным участием |
| Порядковый номер временной организации и / или порядковый номер ее части | 2 |
| Место проведения временной организации | Москва |
| Дата проведения временной организации | 2021 |
| Системный номер авторитетной/нормативной записи | 785830 |
| Идентификатор авторитетной/нормативной записи | RU\NLR\AUTH\880559237 |
| 852 ## - МЕСТОНАХОЖДЕНИЕ И ШИФР ХРАНЕНИЯ | |
| Идентификатор организации | NLR |
| Шифр хранения (Call Number) | П17/663 |
| 942 ## - ДОПОЛНИТЕЛЬНЫЕ ЭЛЕМЕНТЫ ЗАПИСИ (АБИС) | |
| Тип экземпляра АБИС | Выпуск |
| 980 ## - КОЛЛЕКЦИЯ | |
| Название коллекции | Национальная библиография |
| 980 ## - КОЛЛЕКЦИЯ | |
| Название коллекции | Русская периодика |
Нет доступных экземпляров.